000 00482cam a2200181ua 4500
020 _c1.50
041 _amal
_h
082 _a894.812809
_bBHA/DA
100 _aBhaskaran nair, K .
245 _aDaivaneethikku dakshinnyamilla /
_cK Bhaskaraan nair.
_hTextual Documents
250 _a1 /
_b.
260 _aCalicut :
_bMathrubhumi Printing & Publishing Companty Ltd ,
_c1959.
300 _a111 ; .
365 _a1.50
504 _a
942 _cBK
999 _c12823
_d12823